| 000 | 00929nam a2200241Ia 4500 | ||
|---|---|---|---|
| 001 | 11509 | ||
| 003 | GE_BSU | ||
| 008 | 181216s||||||||xx |||||||||||||| ||und|| | ||
| 040 | _cGE_BSU | ||
| 080 | _a621.431.73(075.8) | ||
| 100 | _aხანთაძე,გ. | ||
| 245 | _aტრაქტორები და ავტომობილები(ძრავა). | ||
| 245 | _bსახელმძღვ.სას.სამ. ინ–ტის მექანიზაციის სპეც.სტუდენტებისათვის. | ||
| 245 | _cრედ:ნ.მგელაძე. | ||
| 250 | _aგამოც.მე–2. | ||
| 260 | _aთბილისი. | ||
| 260 | _bგანათლება. | ||
| 260 | _c1987. | ||
| 300 | _a387გვ;22სმ. | ||
| 300 | _eილ. | ||
| 653 | _aტრაქტორები და ავტომობილები(ძრავა). | ||
| 942 | _cBK | ||
| 999 |
_c44704 _d44704 |
||